000 00343nam a22001457a 4500
003 OSt
005 20160727222357.0
008 160622b xxu||||| |||| 00| 0 eng d
040 _ctest
100 _9551
_aLoeff, A, R, V, D
245 _aAvalanche !
260 _aLon
_bUniversity of london press
_c1957
300 _aAvalanche !
942 _2ddc
_cBK
999 _c461
_d461